UITU Library & LRC     

Quantitative Methods for Business Decisions (Record no. 14516)

MARC details
000 -LEADER
fixed length control field 00480nam a2200181Ia 4500
008 - FIXED-LENGTH DATA ELEMENTS--GENERAL INFORMATION
fixed length control field 240925s9999 xx 000 0 und d
020 ## - INTERNATIONAL STANDARD BOOK NUMBER
International Standard Book Number 412402408
082 ## - DEWEY DECIMAL CLASSIFICATION NUMBER
Classification number 658.4033 CUR
100 ## - MAIN ENTRY--PERSONAL NAME
Personal name Curwin, John ; Slater, Roger
245 #0 - TITLE STATEMENT
Title Quantitative Methods for Business Decisions
250 ## - EDITION STATEMENT
Edition statement 3rd
260 ## - PUBLICATION, DISTRIBUTION, ETC.
Place of publication, distribution, etc. London:
Name of publisher, distributor, etc. Chapman & Hall
Date of publication, distribution, etc. ,1991.
300 ## - PHYSICAL DESCRIPTION
Extent xii, 553p.
Other physical details 0
Type of unit Original
500 ## - GENERAL NOTE
General note Includes Index
600 ## - SUBJECT ADDED ENTRY--PERSONAL NAME
Personal name Management
650 ## - SUBJECT ADDED ENTRY--TOPICAL TERM
Topical term or geographic name entry element Management
942 ## - ADDED ENTRY ELEMENTS (KOHA)
Koha item type Books
Holdings
Withdrawn status Lost status Damaged status Not for loan Collection Home library Current library Date acquired Source of acquisition Cost, normal purchase price Total checkouts Full call number Barcode Date last seen Price effective from Koha item type
        Managament Sciences UITU Library UITU Library 12/08/2018 Shahid Book Center 625.00   658.4033 CUR Q12017 09/25/2024 09/25/2024 Books

Powered by Koha